000 00248nam a2200109 a 4500
008 101213s1974|||| d
245 1 0 _aPiesne pre najmenších
044 _axo
_cSK
041 _aslo
260 _bSPN
_aBratislava
_c1974
020 _c25
999 _c15204
_d15204